[Event "MCR_CF05"]
[Site "?"]
[Date "2005.??.??"]
[Round "?"]
[White "Dlouhy, Radek"]
[Black "Fuka, Miroslav"]
[Result "1-0"]
[WhiteElo "2171"]
[BlackElo "2078"]
[PlyCount "43"]
[EventDate "2005.??.??"]
[EventType "corr"]
[EventRounds "2"]

1. e4 c6 2. d4 d5 3. exd5 cxd5 4. c4 Nf6 5. Nc3 e6 6. Nf3 Be7 7. cxd5 Nxd5 8.
Bd3 O-O 9. O-O Nc6 10. Re1 Bf6 11. Be4 Nde7 12. Be3 b6 13. Ng5 Bxg5 14. Bxg5 f6
15. d5 Nxd5 16. Qh5 h6 17. Bxh6 f5 18. Bf3 Ncb4 19. a3 Nc2 20. Bg5 Qe8 21. Nxd5
Qxh5 22. Ne7+ 1-0

[Event "MCR_CF05"]
[Site "?"]
[Date "2005.??.??"]
[Round "?"]
[White "Dlouhy, Radek"]
[Black "Kudr, Roman"]
[Result "1/2-1/2"]
[WhiteElo "2171"]
[BlackElo "1987"]
[PlyCount "94"]
[EventDate "2005.??.??"]
[EventType "corr"]
[EventRounds "2"]

1. e4 c6 2. d4 d5 3. exd5 cxd5 4. c4 Nf6 5. Nc3 e6 6. Nf3 Bb4 7. Bd3 dxc4 8.
Bxc4 O-O 9. O-O a6 10. a3 Bxc3 11. bxc3 Qc7 12. Bd3 Qxc3 13. Bf4 Nc6 14. Re1
Nd5 15. Bg3 Rd8 16. Qb1 Nxd4 17. Bxh7+ Kf8 18. Be4 Nxf3+ 19. Bxf3 Kg8 20. Be5
Qc5 21. Qe4 Qe7 22. Rad1 b5 23. Qg4 f6 24. Bb2 Qf7 25. Qh4 Bb7 26. Rd3 Qg6 27.
Be4 Qh6 28. Qxh6 gxh6 29. Rf3 e5 30. Bxd5+ Rxd5 31. Rxf6 Rc8 32. f3 Rc6 33.
Rxc6 Bxc6 34. Rxe5 Rxe5 35. Bxe5 a5 36. Bc3 b4 37. axb4 axb4 38. Bxb4 h5 39.
Kf2 Kf7 40. Kg3 Kg6 41. Kf4 Bb5 42. g4 Be2 43. gxh5+ Kxh5 44. Ke3 Bf1 45. Be1
Bh3 46. Kd4 Kg6 47. Ke5 Bc8 1/2-1/2

[Event "MCR_CF05"]
[Site "?"]
[Date "2005.??.??"]
[Round "?"]
[White "Dlouhy, Radek"]
[Black "Portych, Vaclav"]
[Result "1/2-1/2"]
[WhiteElo "2171"]
[BlackElo "2024"]
[PlyCount "40"]
[EventDate "2005.??.??"]
[EventType "corr"]
[EventRounds "2"]

1. e4 c5 2. c3 Nf6 3. e5 Nd5 4. d4 cxd4 5. Nf3 Nc6 6. Bc4 Nb6 7. Bb3 d5 8. exd6
Qxd6 9. O-O Be6 10. Bxe6 Qxe6 11. Nxd4 Nxd4 12. Qxd4 Rd8 13. Qh4 Qe2 14. Bd2 h5
15. h3 Nc4 16. Re1 Qd3 17. Bc1 a6 18. b3 Nd6 19. Qa4+ Qb5 20. Qf4 Qf5 1/2-1/2

[Event "MCR_CF05"]
[Site "?"]
[Date "2005.??.??"]
[Round "?"]
[White "Dlouhy, Radek"]
[Black "Trita, Stanislav"]
[Result "1/2-1/2"]
[WhiteElo "2171"]
[BlackElo "2170"]
[PlyCount "25"]
[EventDate "2005.??.??"]
[EventType "corr"]
[EventRounds "2"]

1. d4 Nf6 2. c4 g6 3. Nc3 Bg7 4. Nf3 O-O 5. e4 d6 6. Be2 e5 7. O-O Nc6 8. d5
Ne7 9. b4 Nh5 10. g3 f5 11. Ng5 Nf6 12. f3 f4 13. c5 1/2-1/2

[Event "MCR_CF05"]
[Site "?"]
[Date "2005.??.??"]
[Round "?"]
[White "Dlouhy, Radek"]
[Black "Voboril, Pavel"]
[Result "1-0"]
[WhiteElo "2171"]
[BlackElo "2008"]
[PlyCount "39"]
[EventDate "2005.??.??"]
[EventType "corr"]
[EventRounds "2"]

1. e4 c5 2. c3 d5 3. exd5 Qxd5 4. d4 e5 5. dxe5 Qxd1+ 6. Kxd1 Nc6 7. f4 f6 8.
Nf3 Bg4 9. Nbd2 fxe5 10. h3 Bxf3+ 11. Nxf3 exf4 12. Bxf4 Bd6 13. Bxd6 O-O-O 14.
Kc2 Rxd6 15. Ng5 Nh6 16. Re1 Rhd8 17. g4 b6 18. Ba6+ Kb8 19. Rhf1 Rd5 20. Ne6
1-0

[Event "MCR_CF05"]
[Site "?"]
[Date "2005.??.??"]
[Round "?"]
[White "Dlouhy, Radek"]
[Black "Zavadil, Jaroslav"]
[Result "1/2-1/2"]
[WhiteElo "2171"]
[BlackElo "2125"]
[PlyCount "28"]
[EventDate "2005.??.??"]
[EventType "corr"]
[EventRounds "2"]

1. e4 e5 2. Nf3 Nc6 3. Bb5 a6 4. Ba4 d6 5. c3 Bd7 6. d4 Nf6 7. O-O Be7 8. Re1
b5 9. Bb3 O-O 10. Nbd2 Re8 11. Ng5 Rf8 12. Ngf3 Re8 13. Ng5 Rf8 14. Ngf3 Re8
1/2-1/2

[Event "MCR_CF05"]
[Site "?"]
[Date "2005.??.??"]
[Round "?"]
[White "Fuka, Miroslav"]
[Black "Dlouhy, Radek"]
[Result "1/2-1/2"]
[WhiteElo "2078"]
[BlackElo "2171"]
[PlyCount "38"]
[EventDate "2005.??.??"]
[EventType "corr"]
[EventRounds "2"]

1. Nf3 Nf6 2. g3 g6 3. Bg2 Bg7 4. d4 d5 5. O-O O-O 6. Bf4 Nbd7 7. Ne5 c6 8. Nd2
Nh5 9. Nxd7 Bxd7 10. Be3 e5 11. dxe5 Bxe5 12. c3 Re8 13. Bd4 Bxd4 14. cxd4 Nf6
15. e3 Bf5 16. b4 a5 17. a3 axb4 18. axb4 Bd3 19. Re1 Qe7 1/2-1/2

[Event "MCR_CF05"]
[Site "?"]
[Date "2005.??.??"]
[Round "?"]
[White "Fuka, Miroslav"]
[Black "Kudr, Roman"]
[Result "1/2-1/2"]
[WhiteElo "2078"]
[BlackElo "1987"]
[PlyCount "74"]
[EventDate "2005.??.??"]
[EventType "corr"]
[EventRounds "2"]

1. e4 c6 2. d4 d5 3. Nc3 dxe4 4. Nxe4 Nd7 5. Bc4 Ngf6 6. Ng5 e6 7. Qe2 Nb6 8.
Bd3 h6 9. N5f3 c5 10. dxc5 Bxc5 11. Ne5 Nbd7 12. Ngf3 Nxe5 13. Nxe5 Qa5+ 14.
Bd2 Qc7 15. Bb5+ Bd7 16. Nxd7 Nxd7 17. Bc3 O-O-O 18. O-O Nf6 19. Rad1 Qf4 20.
Be5 Qe4 21. Qxe4 Nxe4 22. Bd3 Nf6 23. Be2 Rxd1 24. Rxd1 Ne4 25. Bd4 Bxd4 26.
Rxd4 Nf6 27. Bf3 e5 28. Rd2 e4 29. Be2 Rd8 30. Rxd8+ Kxd8 31. Bc4 Ke7 32. Kf1
b6 33. Ke2 Nd7 34. Ke3 f5 35. Kd4 Kd6 36. h3 Ne5 37. Bb5 g5 1/2-1/2

[Event "MCR_CF05"]
[Site "?"]
[Date "2005.??.??"]
[Round "?"]
[White "Fuka, Miroslav"]
[Black "Portych, Vaclav"]
[Result "0-1"]
[WhiteElo "2078"]
[BlackElo "2024"]
[PlyCount "208"]
[EventDate "2005.??.??"]
[EventType "corr"]
[EventRounds "2"]

1. e4 c5 2. Nc3 Nc6 3. d3 d6 4. Be3 Nf6 5. Nge2 g6 6. Qd2 Bg7 7. Bh6 O-O 8.
Bxg7 Kxg7 9. h4 h5 10. O-O-O Qa5 11. Kb1 b5 12. Nd5 Qxd2 13. Rxd2 a5 14. Nxf6
Kxf6 15. d4 b4 16. dxc5 dxc5 17. Nf4 a4 18. Bb5 Nd4 19. Bc4 Bb7 20. f3 Ra5 21.
Nd3 Bc6 22. Nxb4 Nxf3 23. Nd5+ Bxd5 24. Rxd5 e6 25. Rd6 Ne5 26. Be2 Rb8 27. c4
Rb4 28. Rc1 Ra8 29. Rc3 Ke7 30. Rd2 Rab8 31. Kc1 f6 32. a3 Rb3 33. Rxb3 Rxb3
34. Bd1 Re3 35. Bxa4 Rxe4 36. Bb5 Rxh4 37. b3 Rh1+ 38. Kc2 h4 39. a4 h3 40.
gxh3 Rxh3 41. a5 g5 42. a6 Rh8 43. b4 cxb4 44. Kb3 f5 45. Kxb4 g4 46. c5 Rc8
47. Ka5 f4 48. a7 f3 49. Ka6 g3 50. Kb7 g2 51. Kxc8 g1=Q 52. a8=Q Qxc5+ 53. Bc6
Nxc6 54. Qb7+ Kf6 55. Kd7 Ne5+ 56. Ke8 Qa3 57. Rd4 Ng6 58. Qf7+ Kg5 59. Rg4+
Kxg4 60. Qxg6+ Kf4 61. Qf6+ Kg3 62. Qxe6 Qa4+ 63. Kd8 f2 64. Qg6+ Qg4 65. Qd6+
Kh3 66. Qd3+ Kg2 67. Qd5+ Kg1 68. Qc5 Qf4 69. Ke8 Kh2 70. Qh5+ Kg3 71. Qg6+ Kf3
72. Qh5+ Qg4 73. Qb5 Qe4+ 74. Kd8 Ke3 75. Qg5+ Ke2 76. Qh5+ Qf3 77. Qe5+ Qe3
78. Qh5+ Ke1 79. Qh4 Qd3+ 80. Ke7 Ke2 81. Qh5+ Kd2 82. Qa5+ Ke3 83. Qg5+ Kf3
84. Qh5+ Kg2 85. Qg5+ Qg3 86. Qd5+ Kg1 87. Qc5 Qf4 88. Kd8 Qf6+ 89. Kc8 Kh2 90.
Qc7+ Kh3 91. Qh7+ Kg4 92. Qe4+ Kg5 93. Qg2+ Kh6 94. Qh3+ Kg7 95. Qg4+ Kf7 96.
Qh5+ Kf8 97. Qc5+ Kg7 98. Qc7+ Kh8 99. Qh2+ Kg8 100. Qg2+ Kf8 101. Qf1 Qe6+
102. Kc7 Qe1 103. Qa6 f1=Q 104. Qh6+ Ke7 0-1

[Event "MCR_CF05"]
[Site "?"]
[Date "2005.??.??"]
[Round "?"]
[White "Fuka, Miroslav"]
[Black "Trita, Stanislav"]
[Result "0-1"]
[WhiteElo "2078"]
[BlackElo "2170"]
[PlyCount "50"]
[EventDate "2005.??.??"]
[EventType "corr"]
[EventRounds "2"]

1. e4 e6 2. d4 d5 3. e5 c5 4. Qg4 cxd4 5. Nf3 Nc6 6. Bd3 Nge7 7. O-O Ng6 8. Re1
Qc7 9. Qg3 f6 10. Bxg6+ hxg6 11. Qxg6+ Qf7 12. Qg3 Rh5 13. Bf4 g5 14. Bd2 g4
15. Qxg4 Nxe5 16. Nxe5 fxe5 17. c3 Bc5 18. cxd4 Bxd4 19. Qe2 e4 20. Nc3 Bd7 21.
Nb5 Be5 22. h3 Qg6 23. Rac1 Rxh3 24. Nc7+ Kf7 25. Nxa8 Rh1+ 0-1

[Event "MCR_CF05"]
[Site "?"]
[Date "2005.??.??"]
[Round "?"]
[White "Fuka, Miroslav"]
[Black "Voboril, Pavel"]
[Result "1/2-1/2"]
[WhiteElo "2078"]
[BlackElo "2008"]
[PlyCount "40"]
[EventDate "2005.??.??"]
[EventType "corr"]
[EventRounds "2"]

1. e4 c5 2. Nc3 e6 3. g3 d5 4. exd5 exd5 5. Qe2+ Be7 6. Bg2 Nf6 7. d4 O-O 8.
Be3 Bg4 9. Qd2 cxd4 10. Bxd4 Nc6 11. Bxf6 Bxf6 12. Nxd5 Bxb2 13. Rb1 Re8+ 14.
Kf1 Ba3 15. h3 Bc8 16. Ne2 Rb8 17. Rd1 Qa5 18. Qxa5 Nxa5 19. Nc7 Rf8 20. Be4
Bc5 1/2-1/2

[Event "MCR_CF05"]
[Site "?"]
[Date "2005.??.??"]
[Round "?"]
[White "Fuka, Miroslav"]
[Black "Zavadil, Jaroslav"]
[Result "1/2-1/2"]
[WhiteElo "2078"]
[BlackElo "2125"]
[PlyCount "45"]
[EventDate "2005.??.??"]
[EventType "corr"]
[EventRounds "2"]

1. d4 Nf6 2. c4 e6 3. Nc3 Bb4 4. e3 O-O 5. Nge2 d5 6. a3 Be7 7. cxd5 exd5 8. g3
c6 9. Bg2 Be6 10. O-O Nbd7 11. f3 Nb6 12. e4 Qc7 13. Nf4 c5 14. Nxe6 fxe6 15.
e5 Nfd7 16. Bh3 cxd4 17. Nb5 Qc5 18. Nxd4 Nxe5 19. Rf2 Qc4 20. Bf1 Qc8 21. Bh3
Qc4 22. Bf1 Qc8 23. Bh3 1/2-1/2

[Event "MCR_CF05"]
[Site "?"]
[Date "2005.??.??"]
[Round "?"]
[White "Kudr, Roman"]
[Black "Dlouhy, Radek"]
[Result "1/2-1/2"]
[WhiteElo "1987"]
[BlackElo "2171"]
[PlyCount "37"]
[EventDate "2005.??.??"]
[EventType "corr"]
[EventRounds "2"]

1. d4 d5 2. Nf3 Nf6 3. c4 e6 4. Nc3 Be7 5. Bg5 O-O 6. e3 h6 7. Bxf6 Bxf6 8. Rc1
c6 9. Bd3 Nd7 10. O-O dxc4 11. Bxc4 e5 12. Ne4 exd4 13. Nxf6+ Nxf6 14. Nxd4 Qe7
15. Qc2 Rd8 16. Rfd1 Bg4 17. Be2 Bxe2 18. Nxe2 Rxd1+ 19. Rxd1 1/2-1/2

[Event "MCR_CF05"]
[Site "?"]
[Date "2005.??.??"]
[Round "?"]
[White "Kudr, Roman"]
[Black "Fuka, Miroslav"]
[Result "1-0"]
[WhiteElo "1987"]
[BlackElo "2078"]
[PlyCount "63"]
[EventDate "2005.??.??"]
[EventType "corr"]
[EventRounds "2"]

1. d4 Nf6 2. c4 e6 3. Nc3 c5 4. d5 exd5 5. cxd5 d6 6. e4 Be7 7. f4 O-O 8. Nf3
Re8 9. Be2 Bf8 10. e5 Nfd7 11. e6 fxe6 12. dxe6 Nf6 13. f5 d5 14. Bg5 d4 15.
Qb3 Kh8 16. Ne5 Re7 17. O-O-O Qc7 18. Bf4 Qa5 19. Qb5 Qxb5 20. Nxb5 Na6 21. Bc4
Nb4 22. Nd6 a6 23. a3 Nbd5 24. Bg5 Ne3 25. Bxe3 dxe3 26. Rhe1 b5 27. Bd5 Nxd5
28. Rxd5 Bb7 29. Nef7+ Kg8 30. Rxc5 Bxg2 31. Rxe3 b4 32. f6 1-0

[Event "MCR_CF05"]
[Site "?"]
[Date "2005.??.??"]
[Round "?"]
[White "Kudr, Roman"]
[Black "Portych, Vaclav"]
[Result "1/2-1/2"]
[WhiteElo "1987"]
[BlackElo "2024"]
[PlyCount "56"]
[EventDate "2005.??.??"]
[EventType "corr"]
[EventRounds "2"]

1. d4 Nf6 2. c4 e6 3. Nc3 Bb4 4. Qc2 O-O 5. a3 Bxc3+ 6. Qxc3 d5 7. Bg5 h6 8.
Bh4 Nbd7 9. e3 c5 10. cxd5 cxd4 11. Qxd4 Qa5+ 12. b4 Qxd5 13. Qxd5 Nxd5 14. Rc1
N7f6 15. Nf3 Bd7 16. Bd3 a6 17. Ke2 Bb5 18. Bxf6 Bxd3+ 19. Kxd3 Nxf6 20. Rc2
Rfd8+ 21. Ke2 a5 22. b5 a4 23. Nd2 Rd5 24. Rb1 Rad8 25. Rb4 g5 26. e4 Re5 27.
g3 g4 28. b6 Nd5 1/2-1/2

[Event "MCR_CF05"]
[Site "?"]
[Date "2005.??.??"]
[Round "?"]
[White "Kudr, Roman"]
[Black "Trita, Stanislav"]
[Result "0-1"]
[WhiteElo "1987"]
[BlackElo "2170"]
[PlyCount "72"]
[EventDate "2005.??.??"]
[EventType "corr"]
[EventRounds "2"]

1. d4 Nf6 2. c4 g6 3. Nc3 Bg7 4. e4 d6 5. f3 O-O 6. Be3 e5 7. d5 c6 8. Qd2 cxd5
9. cxd5 a6 10. Nge2 Nbd7 11. Ng3 h5 12. Bd3 h4 13. Nge2 b5 14. Rc1 Nc5 15. Bc2
h3 16. g3 Nfd7 17. O-O Nb6 18. Bxc5 Nc4 19. Qe1 dxc5 20. Qf2 Nxb2 21. Qxc5 Bd7
22. Nd1 Nc4 23. Bd3 Rc8 24. Qf2 Bh6 25. f4 Nd2 26. Rxc8 Bxc8 27. Re1 f5 28.
Nec3 Nxe4 29. Nxe4 fxe4 30. Bxe4 exf4 31. Qf3 fxg3 32. Qxg3 Qb6+ 33. Kh1 Bf4
34. Qc3 Bc7 35. Qc6 Qxc6 36. dxc6 Kg7 0-1

[Event "MCR_CF05"]
[Site "?"]
[Date "2005.??.??"]
[Round "?"]
[White "Kudr, Roman"]
[Black "Voboril, Pavel"]
[Result "1-0"]
[WhiteElo "1987"]
[BlackElo "2004"]
[PlyCount "47"]
[EventDate "2005.??.??"]
[EventType "corr"]
[EventRounds "2"]

1. d4 Nf6 2. c4 e6 3. Nc3 Bb4 4. Qc2 d6 5. Bg5 h6 6. Bh4 c5 7. dxc5 dxc5 8. e3
O-O 9. a3 Ba5 10. Bd3 Nbd7 11. Nf3 Qe8 12. O-O Bc7 13. Rad1 g5 14. Nb5 Bb8 15.
Bg3 Bxg3 16. fxg3 Qe7 17. Nd6 Rd8 18. Qc3 Nb6 19. Nxc8 Raxc8 20. Nxg5 e5 21.
Ne4 Nxe4 22. Bxe4 Re8 23. b3 Rc7 24. Qc2 1-0

[Event "MCR_CF05"]
[Site "?"]
[Date "2005.??.??"]
[Round "?"]
[White "Kudr, Roman"]
[Black "Zavadil, Jaroslav"]
[Result "1-0"]
[WhiteElo "1987"]
[BlackElo "2125"]
[PlyCount "119"]
[EventDate "2005.??.??"]
[EventType "corr"]
[EventRounds "2"]

1. d4 Nf6 2. c4 e6 3. Nc3 Bb4 4. Qc2 d5 5. cxd5 exd5 6. Bg5 O-O 7. e3 h6 8.
Bxf6 Qxf6 9. a3 Bxc3+ 10. Qxc3 c6 11. Nf3 Bf5 12. Be2 Nd7 13. O-O Rfe8 14. Rac1
Be4 15. Nd2 Nb6 16. b4 Qg5 17. Nxe4 dxe4 18. Qb3 a6 19. Rc5 Nd5 20. b5 axb5 21.
Bxb5 Re6 22. Bc4 Rg6 23. g3 Qe7 24. Bxd5 cxd5 25. Rfc1 Rg5 26. R1c3 Rd8 27. Rc7
Qf6 28. Qxb7 Qf3 29. Rc1 Rg6 30. Rc8 Rxc8 31. Qxc8+ Kh7 32. Qc2 Rf6 33. Re1 Ra6
34. a4 Qf6 35. Rb1 Rc6 36. Qb3 Qf5 37. a5 Rf6 38. Qa2 Ra6 39. Qa4 Rf6 40. Qc2
Ra6 41. Rb5 Rd6 42. Rb6 Rd8 43. Qc7 Rc8 44. Qf4 Qh3 45. Rb1 Qe6 46. Rb5 Rc1+
47. Kg2 Ra1 48. Qe5 Qxe5 49. dxe5 Kg6 50. Rxd5 Kf5 51. h3 Ke6 52. Rc5 h5 53. f4
exf3+ 54. Kxf3 g5 55. g4 h4 56. Ke4 Ra4+ 57. Kd3 Ke7 58. Kc3 f6 59. Kb3 Ra1 60.
Kb4 1-0

[Event "MCR_CF05"]
[Site "?"]
[Date "2005.??.??"]
[Round "?"]
[White "Portych, Vaclav"]
[Black "Dlouhy, Radek"]
[Result "1/2-1/2"]
[WhiteElo "2024"]
[BlackElo "2171"]
[PlyCount "33"]
[EventDate "2005.??.??"]
[EventType "corr"]
[EventRounds "2"]

1. c4 Nf6 2. Nc3 e6 3. Nf3 d5 4. cxd5 exd5 5. d4 Be7 6. Bg5 c6 7. Qc2 g6 8. e3
Bf5 9. Bd3 Bxd3 10. Qxd3 Nbd7 11. O-O O-O 12. Rab1 a5 13. a3 Re8 14. Rfc1 Ne4
15. Bf4 Bd6 16. Bxd6 Nxd6 17. Qc2 1/2-1/2

[Event "MCR_CF05"]
[Site "?"]
[Date "2005.??.??"]
[Round "?"]
[White "Portych, Vaclav"]
[Black "Fuka, Miroslav"]
[Result "1-0"]
[WhiteElo "2024"]
[BlackElo "2078"]
[PlyCount "133"]
[EventDate "2005.??.??"]
[EventType "corr"]
[EventRounds "2"]

1. c4 e5 2. Nc3 d6 3. Nf3 f5 4. d4 e4 5. Ng5 Nf6 6. Nh3 Be7 7. g3 c6 8. Bg2 d5
9. cxd5 Nxd5 10. Nxd5 Qxd5 11. O-O Bf6 12. e3 O-O 13. Bd2 g5 14. b4 Qf7 15. a4
Be6 16. b5 Bc4 17. bxc6 Nxc6 18. Re1 Rac8 19. a5 h6 20. Rb1 Bd3 21. Rc1 Rc7 22.
Bf1 Bxf1 23. Rxf1 Bg7 24. Kg2 Rd8 25. Qa4 Rd5 26. Ng1 Qe6 27. Ne2 Rdd7 28. Rc2
a6 29. Qa2 Qxa2 30. Rxa2 Kf7 31. f3 exf3+ 32. Kxf3 Ke6 33. h4 Rd5 34. g4 Rf7
35. Kg2 Rd8 36. gxf5+ Rxf5 37. Rxf5 Kxf5 38. Ng3+ Kg6 39. h5+ Kf7 40. Rb2 Rd7
41. Bc3 Ne7 42. e4 Ke8 43. Ne2 Nc8 44. e5 Ne7 45. Kf3 Nd5 46. Ke4 Ke7 47. Be1
Ke6 48. Nc3 Nf4 49. Rb6+ Ke7 50. Na4 Rc7 51. Nc5 Ke8 52. Nxb7 Bf8 53. Nd6+ Bxd6
54. Rxd6 Rc2 55. Bb4 Re2+ 56. Kf3 Rh2 57. Rxh6 Rxh5 58. Rxa6 Rh3+ 59. Kg4 Rb3
60. Bc5 Nd3 61. Rb6 Rc3 62. a6 Nxc5 63. dxc5 Kd7 64. a7 Ra3 65. c6+ Kc7 66. Rb8
Rxa7 67. Rb7+ 1-0

[Event "MCR_CF05"]
[Site "?"]
[Date "2005.??.??"]
[Round "?"]
[White "Portych, Vaclav"]
[Black "Kudr, Roman"]
[Result "1/2-1/2"]
[WhiteElo "2024"]
[BlackElo "1987"]
[PlyCount "61"]
[EventDate "2005.??.??"]
[EventType "corr"]
[EventRounds "2"]

1. c4 Nf6 2. Nc3 e6 3. Nf3 d5 4. cxd5 exd5 5. d4 Bd6 6. Bg5 c6 7. Qc2 O-O 8. e3
h6 9. Bh4 Re8 10. Bd3 Bg4 11. Nd2 Nbd7 12. O-O Rc8 13. h3 Be6 14. Rac1 g5 15.
Bg3 Bxg3 16. fxg3 Qe7 17. g4 c5 18. Rf2 a6 19. a3 b5 20. dxc5 Qxc5 21. Nf1 d4
22. exd4 Qxd4 23. Ng3 Nc5 24. Bf5 Bb3 25. Qd2 Qxd2 26. Rxd2 Rc6 27. Rf1 Kf8 28.
Kh2 Bc4 29. Rfd1 Nb7 30. Bb1 Bb3 31. Rf1 1/2-1/2

[Event "MCR_CF05"]
[Site "?"]
[Date "2005.??.??"]
[Round "?"]
[White "Portych, Vaclav"]
[Black "Trita, Stanislav"]
[Result "1/2-1/2"]
[WhiteElo "2024"]
[BlackElo "2170"]
[PlyCount "59"]
[EventDate "2005.??.??"]
[EventType "corr"]
[EventRounds "2"]

1. c4 Nf6 2. Nc3 e6 3. Nf3 b6 4. g3 Bb7 5. Bg2 Bb4 6. O-O O-O 7. Qc2 Re8 8. d4
Bxc3 9. Qxc3 d6 10. b3 Nbd7 11. Bb2 Be4 12. b4 c6 13. a4 a5 14. b5 Rc8 15. Qa3
cxb5 16. cxb5 Rc2 17. Rfc1 Rxe2 18. Kf1 Rc2 19. Rxc2 Bxc2 20. Qxd6 Nd5 21. Ne1
Bf5 22. Rc1 N7f6 23. Qxd8 Rxd8 24. Rc6 h6 25. Nf3 Bd3+ 26. Kg1 Be2 27. Rc1 Nd7
28. Ne5 Nxe5 29. dxe5 Nb4 30. Be4 1/2-1/2

[Event "MCR_CF05"]
[Site "?"]
[Date "2005.??.??"]
[Round "?"]
[White "Portych, Vaclav"]
[Black "Voboril, Pavel"]
[Result "1-0"]
[WhiteElo "2024"]
[BlackElo "2008"]
[PlyCount "41"]
[EventDate "2005.??.??"]
[EventType "corr"]
[EventRounds "2"]

1. c4 Nf6 2. Nc3 e6 3. Nf3 d5 4. cxd5 Nxd5 5. g3 c5 6. Bg2 Nc6 7. O-O Be7 8. d4
cxd4 9. Nxd5 exd5 10. Nxd4 Bf6 11. Be3 O-O 12. Rc1 Na5 13. b3 Be6 14. Nxe6 fxe6
15. Bc5 Re8 16. e4 d4 17. b4 Nc6 18. b5 Na5 19. e5 Bxe5 20. Qe1 Bf6 21. Bb4 1-0

[Event "MCR_CF05"]
[Site "?"]
[Date "2005.??.??"]
[Round "?"]
[White "Portych, Vaclav"]
[Black "Zavadil, Jaroslav"]
[Result "1-0"]
[WhiteElo "2024"]
[BlackElo "2125"]
[PlyCount "91"]
[EventDate "2005.??.??"]
[EventType "corr"]
[EventRounds "2"]

1. c4 Nf6 2. Nc3 e6 3. Nf3 d5 4. cxd5 exd5 5. d4 Bd6 6. Bg5 c6 7. Qc2 Be6 8. e3
Nbd7 9. Bd3 Qc7 10. Rc1 Bg4 11. Nd2 Qb8 12. h3 Be6 13. Ne2 Nh5 14. Bh4 h6 15.
f4 g5 16. f5 gxh4 17. fxe6 Bg3+ 18. Kd1 Ndf6 19. exf7+ Kxf7 20. Bg6+ Kg7 21.
Rf1 Qc8 22. Nf3 Qe6 23. Qd3 Raf8 24. Kc2 Rhg8 25. Ne5 c5 26. Kb1 Bxe5 27. dxe5
c4 28. Qc2 Qxe5 29. Rf5 Qxe3 30. Bxh5 Nxh5 31. Rxh5 Rf2 32. Qc3+ Qxc3 33. Nxc3
d4 34. Ne4 Rxg2 35. Rxc4 Rf8 36. a3 Rf3 37. Rxh4 d3 38. Rc7+ Kg6 39. Ka2 h5 40.
Rxb7 Rh2 41. Rxa7 Rhxh3 42. Ra6+ Kg7 43. Rxh3 Rxh3 44. Nc5 Re3 45. Rd6 h4 46.
Rxd3 1-0

[Event "MCR_CF05"]
[Site "?"]
[Date "2005.??.??"]
[Round "?"]
[White "Trita, Stanislav"]
[Black "Dlouhy, Radek"]
[Result "1/2-1/2"]
[WhiteElo "2170"]
[BlackElo "2171"]
[PlyCount "28"]
[EventDate "2005.??.??"]
[EventType "corr"]
[EventRounds "2"]

1. e4 e5 2. Nf3 Nc6 3. Bb5 a6 4. Ba4 Nf6 5. O-O Nxe4 6. Re1 Nc5 7. Bxc6 dxc6 8.
Nxe5 Be7 9. d4 Ne6 10. Be3 O-O 11. c4 f6 12. Nf3 f5 13. Bd2 Re8 14. Bc3 Nf4
1/2-1/2

[Event "MCR_CF05"]
[Site "?"]
[Date "2005.??.??"]
[Round "?"]
[White "Trita, Stanislav"]
[Black "Fuka, Miroslav"]
[Result "1-0"]
[WhiteElo "2170"]
[BlackElo "2078"]
[PlyCount "59"]
[EventDate "2005.??.??"]
[EventType "corr"]
[EventRounds "2"]

1. e4 e6 2. d4 d5 3. Nc3 Nf6 4. e5 Nfd7 5. Nf3 a6 6. Bd3 f5 7. exf6 Nxf6 8. O-O
Bd6 9. Ne2 O-O 10. c4 c5 11. cxd5 exd5 12. dxc5 Bxc5 13. Qc2 b6 14. Ned4 h6 15.
Bf4 Bg4 16. Rfe1 Nh5 17. Be3 Bxf3 18. Ne6 Qh4 19. Nxf8 Qg4 20. g3 Bxf8 21. Bf5
Be4 22. Bxg4 Bxc2 23. Bxh5 Nd7 24. Bg4 Nc5 25. b4 Nd3 26. Re2 Nxb4 27. a3 Bd3
28. axb4 Bxe2 29. Bxe2 Bxb4 30. Bxb6 1-0

[Event "MCR_CF05"]
[Site "?"]
[Date "2005.??.??"]
[Round "?"]
[White "Trita, Stanislav"]
[Black "Kudr, Roman"]
[Result "1/2-1/2"]
[WhiteElo "2170"]
[BlackElo "1987"]
[PlyCount "54"]
[EventDate "2005.??.??"]
[EventType "corr"]
[EventRounds "2"]

1. e4 c6 2. d4 d5 3. Nc3 dxe4 4. Nxe4 Nd7 5. Bc4 Ngf6 6. Nxf6+ Nxf6 7. Nf3 Bf5
8. O-O e6 9. Re1 Bd6 10. Qe2 O-O 11. Bd3 Bxd3 12. Qxd3 h6 13. Qe2 Qc7 14. Ne5
c5 15. dxc5 Qxc5 16. Bf4 Rad8 17. c3 Nd5 18. Bg3 Rfe8 19. Qf3 Qc7 20. Rad1 f6
21. Ng6 Bxg3 22. hxg3 b6 23. Nf4 Nxf4 24. gxf4 Rxd1 25. Rxd1 Rd8 26. Re1 Qc8
27. Qe2 Rd6 1/2-1/2

[Event "MCR_CF05"]
[Site "?"]
[Date "2005.??.??"]
[Round "?"]
[White "Trita, Stanislav"]
[Black "Portych, Vaclav"]
[Result "1/2-1/2"]
[WhiteElo "2170"]
[BlackElo "2024"]
[PlyCount "78"]
[EventDate "2005.??.??"]
[EventType "corr"]
[EventRounds "2"]

1. e4 c5 2. Nf3 Nc6 3. Bb5 g6 4. O-O Bg7 5. c3 Nf6 6. Re1 O-O 7. d4 cxd4 8.
cxd4 d5 9. e5 Ne8 10. Be3 Bg4 11. Nbd2 Qb6 12. Qa4 Nc7 13. Bxc6 bxc6 14. Rac1
Rfc8 15. Rxc6 Bd7 16. Rxb6 Bxa4 17. Rb4 Be8 18. Rc1 Nb5 19. Rxc8 Rxc8 20. Nb3
e6 21. a4 Bf8 22. Rxb5 Bxb5 23. axb5 Rb8 24. Nbd2 Rxb5 25. b3 a5 26. Kf1 a4 27.
bxa4 Ra5 28. Nb3 Rxa4 29. Nc5 Ra2 30. g4 h6 31. Nd7 Bg7 32. h4 Ra7 33. Nc5 Bf8
34. Kg2 Kh7 35. h5 g5 36. Ne1 Ra3 37. Ned3 Kg7 38. Kf3 Be7 39. Ke2 Ra2+ 1/2-1/2

[Event "MCR_CF05"]
[Site "?"]
[Date "2005.??.??"]
[Round "?"]
[White "Trita, Stanislav"]
[Black "Voboril, Pavel"]
[Result "1/2-1/2"]
[WhiteElo "2170"]
[BlackElo "2008"]
[PlyCount "28"]
[EventDate "2005.??.??"]
[EventType "corr"]
[EventRounds "2"]

1. e4 c5 2. Nf3 e6 3. d4 cxd4 4. Nxd4 a6 5. Nc3 Qc7 6. Be2 Nc6 7. Be3 Nf6 8. a3
b5 9. O-O Bb7 10. Nb3 d6 11. f4 Be7 12. Bd3 O-O 13. Qf3 Rfd8 14. Qg3 Na5
1/2-1/2

[Event "MCR_CF05"]
[Site "?"]
[Date "2005.??.??"]
[Round "?"]
[White "Trita, Stanislav"]
[Black "Zavadil, Jaroslav"]
[Result "1-0"]
[WhiteElo "2170"]
[BlackElo "2125"]
[PlyCount "123"]
[EventDate "2005.??.??"]
[EventType "corr"]
[EventRounds "2"]

1. e4 e5 2. Nf3 Nc6 3. Bb5 a6 4. Ba4 d6 5. c3 Nf6 6. d4 b5 7. Bc2 Be7 8. a4 Bd7
9. O-O O-O 10. Re1 Bg4 11. d5 Na5 12. Na3 c6 13. h3 Bd7 14. b4 Nb7 15. dxc6
Bxc6 16. axb5 axb5 17. Qe2 Qd7 18. Rd1 Qe8 19. Bg5 Nd8 20. c4 bxc4 21. Bxf6
Bxf6 22. Nxc4 Rxa1 23. Rxa1 Ne6 24. Qd2 Qc8 25. Nxd6 Qc7 26. Ra6 Rd8 27. Qc3
Rxd6 28. b5 Nd4 29. Nxd4 exd4 30. Qc4 d3 31. Bb3 d2 32. Bd1 Rd8 33. Qxc6 Be5
34. Qxc7 Bxc7 35. b6 Be5 36. b7 Kf8 37. Kf1 Ke7 38. Ra5 f6 39. Ke2 Rb8 40. Rb5
Kd6 41. Bb3 Kc6 42. Bc4 Bd4 43. Rb1 Kc5 44. Bd5 Bc3 45. Rb3 Bb4 46. Rf3 Kb6 47.
h4 h6 48. Rg3 Bc5 49. Rxg7 Bxf2 50. g3 Ka7 51. Kxd2 Rh8 52. Kd3 Kb8 53. h5 Bc5
54. Rf7 Bd6 55. Rxf6 Bxg3 56. Kd4 Bh4 57. Rf7 Be1 58. e5 Bb4 59. e6 Re8 60. Ke5
Rg8 61. Bc6 Rg5+ 62. Kf6 1-0

[Event "MCR_CF05"]
[Site "?"]
[Date "2005.??.??"]
[Round "?"]
[White "Voboril, Pavel"]
[Black "Dlouhy, Radek"]
[Result "1/2-1/2"]
[WhiteElo "2008"]
[BlackElo "2171"]
[PlyCount "23"]
[EventDate "2005.??.??"]
[EventType "corr"]
[EventRounds "2"]

1. e4 e5 2. Nf3 Nc6 3. Be2 Nf6 4. d3 d5 5. Nbd2 Be7 6. c3 a5 7. O-O O-O 8. Re1
Re8 9. Qc2 Bf8 10. h3 a4 11. Nf1 d4 12. cxd4 1/2-1/2